[Event "CAN-ch U10"]
[Site "Victoria"]
[Date "2009.07.23"]
[Round "7"]
[White "Doknjas, John"]
[Black "Rainsberry, Christopher"]
[Result "1-0"]
[WhiteElo "1796"]
[BlackElo "556"]
[PlyCount "71"]
[EventDate "2009.07.21"]
[EventType "swiss"]
[EventRounds "7"]
[EventCountry "CAN"]
[SourceTitle "EXT 2011"]
[Source "ChessBase"]
[SourceDate "2010.11.26"]
[SourceVersion "1"]
[SourceVersionDate "2010.11.26"]
[SourceQuality "1"]

1. d4 Nc6 2. Nf3 d5 3. e3 Bf5 4. Bd3 Bxd3 5. Qxd3 Nb4 6. Qb5+ Nc6 7. Qxb7 Na5 8. Qa6 c6 9. Bd2 Nc4 10. Qxc6+ Qd7 11. Qxa8+ Qd8 12. Qxd8+ Kxd8 13. b3 Nxd2 14. Kxd2 e6 15. c4 dxc4 16. bxc4 Bb4+ 17. Nc3 Nf6 18. Kd3 Ng4 19. Rhf1 f6 20. Rab1 Ba5 21. Rb7 Rg8 22. Rb8+ Ke7 23. Rxg8 Kf7 24. Ra8 Bb6 25. c5 Ba5 26. c6 Bb6 27. Nb5 e5 28. d5 f5 29. e4 fxe4+ 30. Kxe4 Nf6+ 31. Kxe5 Ng4+ 32. Kd6 Bxf2 33. c7 Bh4 34. Nxh4+ Nf6 35. c8Q g5 36. Qf8# 1-0